00453nam a2200145Ia 4500008004100000082001600041100002200057245005000079260002700129365000700156600002200163630005000185700002200235730005000257110201s9999 xx 000 0 und d bB8048aA 51 aHobart H. Willard aInstrumental Methods of Analysis 4th Ediction bD.van Nostrand co. inc b15 aHobart H. Willard aInstrumental Methods of Analysis 4th Ediction aHobart H. Willard aInstrumental Methods of Analysis 4th Ediction